[Event "Niedersachsen-ch op-B"]
[Site "Verden an der Aller"]
[Date "2020.01.03"]
[Round "4"]
[White "Wander, Dennis"]
[Black "Pfeifer, Frank"]
[Result "1-0"]
[WhiteElo "1442"]
[BlackElo "1574"]
[PlyCount "62"]
[EventDate "2020.01.02"]
[EventType "swiss"]
[EventRounds "7"]
[EventCountry "GER"]
[SourceTitle "EXT 2023"]
[Source "ChessBase"]
[SourceDate "2022.10.05"]
[SourceVersion "1"]
[SourceVersionDate "2022.10.05"]
[SourceQuality "1"]

1. e4 Nf6 2. e5 Nd5 3. c4 Nb6 4. d4 d6 5. f4 dxe5 6. fxe5 Nc6 7. Nf3 Bg4 8. Be3 e6 9. a3 Be7 10. Be2 Bh4+ 11. g3 Bxf3 12. Bxf3 Bg5 13. Bxc6+ bxc6 14. Bxg5 Qxg5 15. 0-0 Qe3+ 16. Kh1 Nxc4 17. Re1 Qf2 18. Re2 Qf3+ 19. Kg1 Rd8 20. Nc3 Nxb2 21. Qb3 Nd3 22. Qc4 0-0 23. Rf1 Nb2 24. Rxb2 Qe3+ 25. Kh1 Rxd4 26. Qxc6 Qxe5 27. Nb5 Rd5 28. Rbb1 Qe4+ 29. Kg1 Qe3+ 30. Kh1 Rfd8 31. Qxc7 Qf3+ 1-0

[Event "Niedersachsen-ch op B"]
[Site "Verden"]
[Date "2019.01.05"]
[Round "5"]
[White "Haselhorst, Nils"]
[Black "Pfeifer, Frank"]
[Result "1-0"]
[WhiteElo "1409"]
[BlackElo "1474"]
[PlyCount "75"]
[EventDate "2019.01.03"]
[EventType "swiss"]
[EventRounds "7"]
[EventCountry "GER"]
[SourceTitle "EXT 2022"]
[Source "ChessBase"]
[SourceDate "2021.10.06"]
[SourceVersion "1"]
[SourceVersionDate "2021.10.06"]
[SourceQuality "1"]

1. e4 Nf6 2. e5 Nd5 3. c4 Nb6 4. d4 d6 5. exd6 exd6 6. Nc3 Nc6 7. Be3 Be7 8. Nf3 Bg4 9. h3 Bh5 10. g4 Bg6 11. d5 Nb4 12. Rc1 Nd7 13. a3 Na6 14. b4 0-0 15. Be2 Re8 16. 0-0 Bf6 17. Bd4 Ne5 18. Nxe5 Bxe5 19. f4 Bxd4+ 20. Qxd4 Qh4 21. Rf3 b6 22. Bf1 Re7 23. f5 Bxf5 24. Rxf5 Qg3+ 25. Bg2 Rae8 26. Rcf1 f6 27. R5f3 Qh4 28. Qf2 Qg5 29. Rf5 Qg6 30. Qd2 Nb8 31. Kf2 Nd7 32. Nb5 Ne5 33. Qc2 a6 34. Nd4 Qh6 35. Qc3 Nxc4 36. Ne6 Qh4+ 37. Kg1 b5 38. Rh5 1-0

[Event "Niedersachsen-ch op-C"]
[Site "Verden"]
[Date "2017.01.07"]
[Round "5"]
[White "Drezek, Wieslaw"]
[Black "Pfeifer, Frank"]
[Result "0-1"]
[WhiteElo "1585"]
[BlackElo "1589"]
[PlyCount "84"]
[EventDate "2017.01.05"]
[EventType "swiss"]
[EventRounds "7"]
[EventCountry "GER"]
[SourceTitle "CBM 187 Extra"]
[Source "ChessBase"]
[SourceDate "2018.11.04"]
[SourceVersion "1"]
[SourceVersionDate "2018.11.04"]
[SourceQuality "1"]

1. e4 Nf6 2. e5 Nd5 3. c4 Nb6 4. d4 d6 5. Bf4 dxe5 6. Bxe5 Nc6 7. c5 Nd5 8. Bb5 Bd7 9. Bg3 a6 10. Bc4 Bf5 11. a3 e6 12. Nf3 Be7 13. Nbd2 h5 14. h3 g5 15. Qe2 g4 16. hxg4 Bxg4 17. Qd3 Nf6 18. b4 Bf5 19. Qc3 Nd5 20. Qb2 Bf6 21. Be5 Bxe5 22. dxe5 Nf4 23. g3 Nd3+ 24. Bxd3 Qxd3 25. 0-0-0 0-0-0 26. Qb3 Bg4 27. Qxd3 Rxd3 28. Ne1 Rxa3 29. f3 Bf5 30. Nb1 Bxb1 31. Kb2 Ra4 32. Kb3 Rxb4+ 33. Ka3 Bg6 34. Ng2 Rd8 35. Nf4 Rxd1 36. Rxd1 Rd4 37. Rh1 Nxe5 38. Nxh5 Bxh5 39. Rxh5 Rd5 40. Rh8+ Kd7 41. f4 Nd3 42. Rf8 Ke7 0-1

[Event "Niedersachsen-ch op-B"]
[Site "Verden"]
[Date "2016.01.06"]
[Round "7"]
[White "Mitzko, Berthold"]
[Black "Pfeifer, Frank"]
[Result "0-1"]
[WhiteElo "1575"]
[BlackElo "1614"]
[PlyCount "78"]
[EventDate "2016.01.03"]
[EventType "swiss"]
[EventRounds "7"]
[EventCountry "GER"]
[SourceTitle "EXT 2018"]
[Source "ChessBase"]
[SourceDate "2017.10.13"]
[SourceVersion "1"]
[SourceVersionDate "2017.10.13"]
[SourceQuality "1"]

1. d4 Nf6 2. Bf4 g6 3. e3 d6 4. Be2 Nbd7 5. Nf3 Bg7 6. Nbd2 Nh5 7. Bg5 c5 8. c3 cxd4 9. exd4 0-0 10. 0-0 h6 11. Be3 a6 12. Re1 b5 13. a3 Bb7 14. Nf1 f5 15. Nh4 f4 16. Bd2 e6 17. Bxh5 Qxh4 18. Bg4 Nf6 19. Bxe6+ Kh7 20. f3 Rae8 21. Bb3 Qg5 22. Bc2 h5 23. Ng3 Rxe1+ 24. Qxe1 Bxf3 25. gxf3 h4 26. Qf2 hxg3 27. hxg3 Qxg3+ 28. Qxg3 fxg3 29. Kg2 Re8 30. Re1 Rxe1 31. Bxe1 Nh5 32. Bd2 d5 33. Bb3 Bh6 34. Bxh6 Kxh6 35. a4 Kg5 36. Bc2 Kh4 37. axb5 axb5 38. Kg1 Nf4 39. Bd1 Kh3 0-1

[Event "Niedersachsen-ch op-B"]
[Site "Verden"]
[Date "2016.01.05"]
[Round "6"]
[White "Pfeifer, Frank"]
[Black "Sommer, Andreas"]
[Result "0-1"]
[WhiteElo "1614"]
[BlackElo "1773"]
[PlyCount "85"]
[EventDate "2016.01.03"]
[EventType "swiss"]
[EventRounds "7"]
[EventCountry "GER"]
[SourceTitle "EXT 2018"]
[Source "ChessBase"]
[SourceDate "2017.10.13"]
[SourceVersion "1"]
[SourceVersionDate "2017.10.13"]
[SourceQuality "1"]

1. e4 c5 2. Nc3 d6 3. f4 Nf6 4. g3 Nc6 5. Bg2 Bg4 6. Nge2 e6 7. h3 Bxe2 8. Nxe2 Be7 9. d3 Qc7 10. Be3 b5 11. c3 Rb8 12. g4 h6 13. Ng3 a5 14. Qf3 Nd8 15. g5 hxg5 16. fxg5 Nd7 17. Nh5 Ne5 18. Qe2 Nxd3+ 19. Qxd3 Rxh5 20. g6 Bh4+ 21. Ke2 e5 22. gxf7+ Nxf7 23. Bf3 Rh8 24. Bg4 Qc6 25. Be6 c4 26. Qd5 Nd8 27. Rhf1 Bf6 28. Rad1 Qxd5 29. Bxd5 Rxh3 30. Ba7 Rc8 31. Bb6 Ke7 32. Bxa5 Ne6 33. Bb4 Nf4+ 34. Kf2 Bh4+ 35. Kg1 Rg3+ 36. Kh1 Rh8 37. Rd2 Bg5+ 38. Rh2 Rxh2+ 39. Kxh2 Rg2+ 40. Kh1 Rxb2 41. a3 Bh4 42. Bc6 Bg3 43. Kg1 0-1

[Event "Niedersachsen-ch op-B"]
[Site "Verden"]
[Date "2016.01.04"]
[Round "3"]
[White "Grasser, Stefan"]
[Black "Pfeifer, Frank"]
[Result "1-0"]
[WhiteElo "1767"]
[BlackElo "1614"]
[PlyCount "93"]
[EventDate "2016.01.03"]
[EventType "swiss"]
[EventRounds "7"]
[EventCountry "GER"]
[SourceTitle "EXT 2018"]
[Source "ChessBase"]
[SourceDate "2017.10.13"]
[SourceVersion "1"]
[SourceVersionDate "2017.10.13"]
[SourceQuality "1"]

1. c4 e5 2. Nc3 f5 3. e4 d6 4. Nf3 Nf6 5. d3 fxe4 6. dxe4 c6 7. h3 Be7 8. Be2 0-0 9. Be3 Be6 10. Ng5 Bd7 11. Qb3 h6 12. Nf3 Qc8 13. Rd1 Na6 14. g4 g5 15. Qc2 Kg7 16. Nh2 Nb4 17. Qc1 c5 18. 0-0 Nc6 19. Nd5 Nxd5 20. exd5 Nd4 21. Bxd4 cxd4 22. Bd3 Rf4 23. f3 Qc7 24. Rf2 Raf8 25. Be4 Qa5 26. b3 Bd8 27. Rd3 Qc5 28. Nf1 Ba5 29. Ng3 Qc8 30. Nh5+ Kh8 31. Nxf4 Rxf4 32. Qa3 Qc7 33. b4 Bb6 34. Qb3 a5 35. a3 a4 36. Qa2 Ba7 37. Rb2 b5 38. Rc2 bxc4 39. Rxc4 Qd8 40. Qc2 Rf8 41. Rc7 Bb8 42. Rb7 Qe8 43. Rd1 Qf7 44. Bf5 Qxd5 45. Rxd7 Qxf3 46. Rh7+ Kg8 47. Be6+ 1-0

[Event "Niedersachsen-ch op-B"]
[Site "Verden"]
[Date "2015.01.03"]
[Round "3"]
[White "Pfeifer, Frank"]
[Black "Grasser, Stefan"]
[Result "1/2-1/2"]
[WhiteElo "1629"]
[BlackElo "1784"]
[PlyCount "41"]
[EventDate "2015.01.02"]
[EventType "swiss"]
[EventRounds "7"]
[EventCountry "GER"]
[SourceTitle "EXT 2018"]
[Source "ChessBase"]
[SourceDate "2017.10.13"]
[SourceVersion "1"]
[SourceVersionDate "2017.10.13"]
[SourceQuality "1"]

1. e4 c5 2. Nc3 Nc6 3. f4 e6 4. g3 d6 5. Bg2 Nge7 6. d3 g6 7. Be3 Bg7 8. Qd2 a6 9. Nf3 b6 10. g4 f5 11. gxf5 gxf5 12. e5 d5 13. d4 cxd4 14. Nxd4 Nxd4 15. Qxd4 Rb8 16. Bf3 Ng6 17. 0-0-0 Bd7 18. Rdg1 Bf8 19. h4 Bc5 20. Qd3 Bxe3+ 21. Qxe3 1/2-1/2

[Event "Niedersachsen-ch op-B"]
[Site "Verden"]
[Date "2014.01.04"]
[Round "6"]
[White "Rickling, Renee"]
[Black "Pfeifer, Frank"]
[Result "1-0"]
[WhiteElo "1757"]
[BlackElo "1668"]
[PlyCount "45"]
[EventDate "2014.01.02"]
[EventType "swiss"]
[EventRounds "7"]
[EventCountry "GER"]
[SourceTitle "EXT 2016"]
[Source "ChessBase"]
[SourceDate "2015.10.08"]
[SourceVersion "1"]
[SourceVersionDate "2015.10.08"]
[SourceQuality "1"]

1. d4 Nf6 2. Nf3 g6 3. Nbd2 d6 4. e3 Bg7 5. Bd3 Nbd7 6. e4 c5 7. c3 a6 8. Qe2 0-0 9. 0-0 b5 10. e5 c4 11. exf6 cxd3 12. Qe4 Nxf6 13. Qxa8 d5 14. Qb8 Ne4 15. Nxe4 dxe4 16. Nd2 Qd5 17. Qf4 f5 18. f3 e5 19. fxe4 fxe4 20. Qxe4 Rxf1+ 21. Kxf1 Qxe4 22. Nxe4 Bb7 23. Nc5 1-0

[Event "Karl Mala Memorial op 14th"]
[Site "Frankfurt"]
[Date "2011.07.10"]
[Round "6"]
[White "Pfeifer, Frank"]
[Black "Roling, Alexander"]
[Result "0-1"]
[WhiteElo "1751"]
[BlackElo "1433"]
[PlyCount "62"]
[EventDate "2011.07.07"]
[EventType "swiss"]
[EventRounds "7"]
[EventCountry "GER"]
[SourceTitle "EXT 2012"]
[Source "ChessBase"]
[SourceDate "2011.11.24"]
[SourceVersion "1"]
[SourceVersionDate "2011.11.24"]
[SourceQuality "1"]

1. e4 c5 2. Nc3 a6 3. f4 Nc6 4. d3 d6 5. g3 g6 6. Bg2 Bg7 7. Nge2 Rb8 8. Nd5 e6 9. Ne3 Nge7 10. c3 0-0 11. 0-0 f5 12. h3 Bd7 13. g4 b5 14. Ng3 b4 15. Bd2 Qc7 16. gxf5 exf5 17. Nd5 Nxd5 18. exd5 Na5 19. Rc1 bxc3 20. bxc3 Rb2 21. h4 Rxa2 22. h5 Ba4 23. Qe1 Re8 24. Ne4 fxe4 25. Bxe4 Rxd2 26. hxg6 hxg6 27. Qxd2 Nb3 28. Qh2 Rxe4 29. dxe4 Nxc1 30. Rxc1 Qe7 31. Qa2 Qxe4 0-1

[Event "Karl Mala Memorial op 14th"]
[Site "Frankfurt"]
[Date "2011.07.07"]
[Round "1"]
[White "Fellhauer, Clemens"]
[Black "Pfeifer, Frank"]
[Result "1-0"]
[WhiteElo "2178"]
[BlackElo "1751"]
[PlyCount "41"]
[EventDate "2011.07.07"]
[EventType "swiss"]
[EventRounds "7"]
[EventCountry "GER"]
[SourceTitle "EXT 2012"]
[Source "ChessBase"]
[SourceDate "2011.11.24"]
[SourceVersion "1"]
[SourceVersionDate "2011.11.24"]
[SourceQuality "1"]

1. e4 Nf6 2. e5 Nd5 3. Bc4 e6 4. Nf3 Nb6 5. Bb3 d6 6. 0-0 dxe5 7. Nxe5 Bd6 8. d4 Bxe5 9. dxe5 Qxd1 10. Rxd1 0-0 11. Nc3 Nc6 12. Bf4 Na5 13. Nb5 c6 14. Nd6 Nxb3 15. axb3 Nd5 16. Bg3 b5 17. c4 Nc7 18. f4 a6 19. Bf2 Ne8 20. Nxc8 Rxc8 21. Bc5 1-0

[Event "Niedersachsen-ch op"]
[Site "Verden"]
[Date "2011.01.05"]
[Round "7"]
[White "Reinkemeier, Fabian"]
[Black "Pfeifer, Frank"]
[Result "1/2-1/2"]
[WhiteElo "1707"]
[BlackElo "1748"]
[PlyCount "85"]
[EventDate "2011.01.02"]
[EventType "swiss"]
[EventRounds "7"]
[EventCountry "GER"]
[SourceTitle "EXT 2018"]
[Source "ChessBase"]
[SourceDate "2017.10.13"]
[SourceVersion "1"]
[SourceVersionDate "2017.10.13"]
[SourceQuality "1"]

1. e4 Nf6 2. Nc3 d5 3. e5 Nfd7 4. f4 Nb6 5. d4 e6 6. Nf3 c5 7. Be3 cxd4 8. Nxd4 Bd7 9. Be2 Nc6 10. a3 a6 11. Na2 Rc8 12. b3 Bxa3 13. Rb1 Nxd4 14. Bxd4 Bc5 15. c3 0-0 16. h4 Bxd4 17. cxd4 f6 18. g4 fxe5 19. fxe5 Qe8 20. Nb4 Bb5 21. Qd2 Qg6 22. Rd1 Qe4 23. Rg1 Rf3 24. Rg2 Rcf8 25. Rg1 Qxg4 26. Qg5 Qxg5 27. hxg5 Bxe2 28. Kxe2 Rxb3 29. Nd3 Nc4 30. g6 hxg6 31. Rxg6 Rb6 32. Rdg1 Rf7 33. Nc5 Rb2+ 34. Kd1 Rb1+ 35. Kc2 Rxg1 36. Rxg1 Rc7 37. Kd3 a5 38. Rb1 b6 39. Na4 Kf7 40. Nxb6 Rb7 41. Rf1+ Kg6 42. Nxc4 dxc4+ 43. Kxc4 1/2-1/2

[Event "Niedersachsen-ch op"]
[Site "Verden"]
[Date "2011.01.03"]
[Round "4"]
[White "Pfeifer, Frank"]
[Black "Jung, Gerald"]
[Result "0-1"]
[WhiteElo "1748"]
[BlackElo "2044"]
[PlyCount "68"]
[EventDate "2011.01.02"]
[EventType "swiss"]
[EventRounds "7"]
[EventCountry "GER"]
[SourceTitle "EXT 2018"]
[Source "ChessBase"]
[SourceDate "2017.10.13"]
[SourceVersion "1"]
[SourceVersionDate "2017.10.13"]
[SourceQuality "1"]

1. e4 c5 2. Nc3 Nc6 3. f4 g6 4. g3 Bg7 5. Nd5 e6 6. Ne3 Nge7 7. c3 0-0 8. Bg2 d6 9. Nf3 Rb8 10. d3 b5 11. h4 b4 12. Bd2 Ba6 13. h5 Bxd3 14. Ng5 h6 15. hxg6 hxg5 16. Qh5 fxg6 17. Qxg5 Qe8 18. Ng4 Qf7 19. Qh4 Rfd8 20. Qh7+ Kf8 21. Nh6 Bxh6 22. Qxh6+ Qg7 23. Qh3 Kf7 24. f5 exf5 25. g4 Bxe4 26. Bxe4 fxe4 27. Bh6 Qe5 28. 0-0+ Kg8 29. Rf2 bxc3 30. bxc3 Nd5 31. Raf1 Qxc3 32. Qh1 Qd4 33. Qh3 Rb2 34. g5 Nf4 0-1

[Event "Niedersachsen-ch op"]
[Site "Verden"]
[Date "2011.01.03"]
[Round "3"]
[White "Torkler, Simon"]
[Black "Pfeifer, Frank"]
[Result "0-1"]
[WhiteElo "1345"]
[BlackElo "1748"]
[PlyCount "48"]
[EventDate "2011.01.02"]
[EventType "swiss"]
[EventRounds "7"]
[EventCountry "GER"]
[SourceTitle "EXT 2018"]
[Source "ChessBase"]
[SourceDate "2017.10.13"]
[SourceVersion "1"]
[SourceVersionDate "2017.10.13"]
[SourceQuality "1"]

1. d4 Nf6 2. c4 c5 3. d5 b5 4. b3 g6 5. Nc3 b4 6. Na4 d6 7. a3 bxa3 8. Bxa3 a5 9. Nf3 Bg7 10. e3 Na6 11. Nc3 0-0 12. Qd2 Ne4 13. Nxe4 Bxa1 14. Be2 Rb8 15. 0-0 Bg7 16. Qd3 Bf5 17. Rb1 Nb4 18. Bxb4 Rxb4 19. Nh4 Bxe4 20. Qxe4 Qd7 21. Bd1 Rfb8 22. Bc2 f5 23. Qf4 a4 24. h3 a3 0-1

[Event "Karl Mala Memorial op 13th"]
[Site "Frankfurt"]
[Date "2010.07.09"]
[Round "2"]
[White "Pfeifer, Frank"]
[Black "Mook, Karl Juergen"]
[Result "1-0"]
[WhiteElo "1753"]
[BlackElo "1243"]
[PlyCount "71"]
[EventDate "2010.07.08"]
[EventType "swiss"]
[EventRounds "7"]
[EventCountry "GER"]
[SourceTitle "EXT 2012"]
[Source "ChessBase"]
[SourceDate "2011.11.24"]
[SourceVersion "1"]
[SourceVersionDate "2011.11.24"]
[SourceQuality "1"]

1. e4 e5 2. f4 exf4 3. Nf3 d5 4. exd5 Nf6 5. Bb5+ Bd7 6. Bc4 Bd6 7. 0-0 0-0 8. a3 Bg4 9. d3 Nbd7 10. Ba2 Re8 11. b4 Nf8 12. c4 Ng6 13. c5 Bf8 14. Qb3 Bxf3 15. gxf3 Qe7 16. Nc3 Nh5 17. Ne4 Kh8 18. d6 Qe6 19. Qc2 Qf5 20. dxc7 Ne7 21. Nd6 Qg5+ 22. Qg2 Qxg2+ 23. Kxg2 g6 24. Nxf7+ Kg7 25. Bb2+ Nf6 26. Nd6 Nf5 27. Nxe8+ Rxe8 28. Rae1 Ne3+ 29. Rxe3 fxe3 30. Re1 Rc8 31. Be5 Kh6 32. Bxf6 Rxc7 33. Rxe3 g5 34. d4 b6 35. Re6 bxc5 36. Be5+ 1-0

[Event "Niedersachsen-ch open"]
[Site "Verden"]
[Date "2010.01.06"]
[Round "7.44"]
[White "Hartogh, Theo"]
[Black "Pfeifer, Frank"]
[Result "1-0"]
[WhiteElo "1833"]
[BlackElo "1739"]
[PlyCount "69"]
[EventDate "2010.01.03"]
[EventType "swiss"]
[EventRounds "7"]
[EventCountry "GER"]
[SourceTitle "EXT 2012"]
[Source "ChessBase"]
[SourceDate "2011.11.24"]
[SourceVersion "1"]
[SourceVersionDate "2011.11.24"]
[SourceQuality "1"]

1. c4 Nf6 2. g3 d5 3. Bg2 Bf5 4. Qb3 Be4 5. Bxe4 dxe4 6. Qxb7 Nbd7 7. Qb3 e6 8. Nc3 Bc5 9. Qc2 Bxf2+ 10. Kxf2 Ng4+ 11. Kg2 f5 12. h3 0-0 13. hxg4 Qf6 14. g5 Qxg5 15. d4 Qg6 16. Bf4 Nf6 17. Nh3 Rad8 18. Rad1 Rd7 19. d5 e5 20. Bxe5 Ng4 21. Bf4 h6 22. Nf2 Nf6 23. Nb5 Nh5 24. e3 Rf6 25. Qe2 Nxg3 26. Bxg3 f4 27. exf4 Rxf4 28. Qh5 Rxf2+ 29. Kxf2 e3+ 30. Kg2 Qe4+ 31. Kh3 Re7 32. Rde1 Kh7 33. Nc3 Qxc4 34. Rh2 g6 35. Qf3 1-0

[Event "Niedersachsen-ch op"]
[Site "Verden"]
[Date "2009.01.04"]
[Round "3"]
[White "Neumair, Jerome"]
[Black "Pfeifer, Frank"]
[Result "1/2-1/2"]
[WhiteElo "1979"]
[BlackElo "1752"]
[PlyCount "103"]
[EventDate "2009.01.03"]
[EventType "swiss"]
[EventRounds "7"]
[EventCountry "GER"]
[SourceTitle "EXT 2012"]
[Source "ChessBase"]
[SourceDate "2011.11.24"]
[SourceVersion "1"]
[SourceVersionDate "2011.11.24"]
[SourceQuality "1"]

1. d4 Nf6 2. c4 c5 3. d5 b5 4. cxb5 a6 5. b6 d6 6. Nc3 Bb7 7. e4 Nbd7 8. h3 g6 9. Nf3 Nxb6 10. Qc2 Bg7 11. Be3 0-0 12. Be2 Qc7 13. 0-0 Rab8 14. Rab1 Bc8 15. Rfc1 Bd7 16. Nd2 h5 17. Bf1 Kh7 18. Nd1 Bb5 19. b4 Ba4 20. Nb3 Nbxd5 21. exd5 Rxb4 22. Nc3 Bd7 23. a3 Rb7 24. Nd2 Rxb1 25. Rxb1 Bf5 26. Bd3 Bxd3 27. Qxd3 Nd7 28. Nc4 Rb8 29. Rxb8 Qxb8 30. Ne4 Qb5 31. Bg5 Nb6 32. Ned2 Nxc4 33. Nxc4 Qd7 34. Bd2 Bd4 35. Bc3 Bxc3 36. Qxc3 Qb7 37. Ne3 Qb1+ 38. Kh2 Qa2 39. Kg3 Qe2 40. Qc4 Qb2 41. Qxa6 Qe5+ 42. Kf3 Qf6+ 43. Ke2 Qb2+ 44. Ke1 Qc3+ 45. Kd1 Qb3+ 46. Kd2 Qa2+ 47. Ke1 Qb1+ 48. Ke2 Qb2+ 49. Kf3 Qf6+ 50. Ke4 Qd4+ 51. Kf3 Qf6+ 52. Ke2 1/2-1/2

[Event "Niedersachsen-ch"]
[Site "Verden"]
[Date "2008.01.06"]
[Round "7"]
[White "Brinkmann, Fabian"]
[Black "Pfeifer, Frank"]
[Result "1/2-1/2"]
[WhiteElo "1309"]
[BlackElo "1735"]
[PlyCount "42"]
[EventDate "2008.01.03"]
[EventType "swiss"]
[EventRounds "7"]
[EventCountry "GER"]
[SourceTitle "EXT 2010"]
[Source "ChessBase"]
[SourceDate "2010.11.25"]
[SourceVersion "1"]
[SourceVersionDate "2010.11.25"]
[SourceQuality "1"]

1. d4 Nf6 2. Bf4 d6 3. Nf3 g6 4. e3 Bg7 5. c3 0-0 6. Bd3 c6 7. Nbd2 b5 8. 0-0 a5 9. a3 Nbd7 10. Qc2 Ba6 11. h3 c5 12. Rfe1 c4 13. Bf1 d5 14. e4 dxe4 15. Nxe4 Bb7 16. Nxf6+ Nxf6 17. Nd2 e6 18. a4 b4 19. Nxc4 bxc3 20. bxc3 Rc8 21. Nd6 Rc7 1/2-1/2